[Event "SV Turm Kamp-Lintfort 1 - Oberhausener "]
[Site "NRW-Klasse - Gruppe 3 2021/20"]
[Date "2021.11.07"]
[Round "1.6"]
[White "Bosser, Heinz-Dieter"]
[Black "Mancic, Ivan"]
[Result "1-0"]
[WhiteElo "1982"]
[BlackElo "2142"]
[Annotator "daniel"]
[PlyCount "79"]
[EventDate "2021.??.??"]
[SourceVersionDate "2020.03.16"]
[WhiteTeam "SV Turm Kamp-Lintfort 1"]
[BlackTeam "Oberhausener SV 1"]

1. d4 Nf6 2. c4 g6 3. Nf3 Bg7 4. Nc3 d5 5. cxd5 Nxd5 6. e4 Nxc3 7. bxc3 c5 8.
Be3 O-O 9. Rc1 Qc7 10. Qd2 Nc6 11. d5 Na5 12. c4 b6 13. Bd3 Ba6 14. Bh6 e6 15.
Bxg7 Kxg7 16. O-O Rfe8 17. h4 $11 h6 18. e5 Rad8 19. d6 Qd7 20. Qf4 Rg8 21. h5
Qe8 22. Rfe1 Rd7 23. Nh4 Qd8 24. hxg6 Qg5 25. Qxg5 hxg5 26. Nf3 Kh6 27. Kh2 Bb7
28. Kg3 Bxf3 29. Kxf3 Nc6 30. Rh1+ Kg7 31. Rh7+ Kf8 32. Re1 Rg7 33. Rh8+ Rg8
34. Rxg8+ Kxg8 35. Kg4 Kg7 36. Kxg5 Nxe5 37. Rxe5 f6+ 38. Kf4 Rxd6 39. Re3 Rd4+
40. Kf3 1-0

[Event "SV Turm Kamp-Lintfort 1 - Oberhausener "]
[Site "NRW-Klasse - Gruppe 3 2021/20"]
[Date "2021.11.07"]
[Round "1.7"]
[White "Ciornei, Dragos"]
[Black "Schubert, Mario"]
[Result "1/2-1/2"]
[WhiteElo "2124"]
[BlackElo "1840"]
[PlyCount "37"]
[EventDate "2021.??.??"]
[SourceVersionDate "2020.03.16"]
[WhiteTeam "Oberhausener SV 1"]
[BlackTeam "SV Turm Kamp-Lintfort 1"]

1. e4 c5 2. Nf3 Nc6 3. d4 cxd4 4. Nxd4 Nf6 5. Nc3 e5 6. Ndb5 a6 7. Nd6+ Bxd6 8.
Qxd6 Qe7 9. Qd1 d6 10. Bg5 Be6 11. Bd3 h6 12. Bxf6 Qxf6 13. O-O O-O 14. Qd2 Qh4
15. f4 exf4 16. Rxf4 Qg5 17. Qf2 Rad8 18. Rf1 Qc5 19. a3 1/2-1/2

[Event "SV Turm Kamp-Lintfort 1 - Oberhausener "]
[Site "NRW-Klasse - Gruppe 3 2021/20"]
[Date "2021.11.07"]
[Round "1.8"]
[White "Schrade, Achim"]
[Black "Groß, Thomas"]
[Result "1/2-1/2"]
[WhiteElo "1675"]
[BlackElo "1956"]
[PlyCount "40"]
[EventDate "2021.??.??"]
[SourceVersionDate "2020.03.16"]
[WhiteTeam "SV Turm Kamp-Lintfort 1"]
[BlackTeam "Oberhausener SV 1"]

1. d4 d5 2. Nf3 Nf6 3. e3 g6 4. Be2 Bg7 5. O-O O-O 6. b3 c5 7. Bb2 Ne4 8. Nbd2
Nc6 9. c4 e6 10. Bd3 Nxd2 11. Qxd2 cxd4 12. exd4 dxc4 13. Bxc4 b6 14. Rad1 Ne7
15. Ba3 Bb7 16. Ne5 a6 17. Rfe1 Nd5 18. Bxf8 Bxf8 19. Bxd5 Qxd5 20. Nf3 Bg7
1/2-1/2

[Event "SK Turm Kleve 1 - SK Holsterhausen 1"]
[Site "NRW-Klasse - Gruppe 3 2021/20"]
[Date "2021.11.07"]
[Round "1.1"]
[White "Dergatschova, Anna"]
[Black "Albers, Sasa"]
[Result "0-1"]
[WhiteElo "2133"]
[BlackElo "2090"]
[PlyCount "58"]
[EventDate "2021.??.??"]
[SourceVersionDate "2020.03.16"]
[WhiteTeam "SK Holsterhausen 1"]
[BlackTeam "SK Turm Kleve 1"]

1. e4 c6 2. d4 d5 3. Nc3 dxe4 4. Nxe4 Nf6 5. Ng3 e6 6. Nf3 Nbd7 7. Bd3 c5 8. c3
Be7 9. O-O O-O 10. Qe2 b6 11. Rd1 Qc7 12. Bd2 Bb7 13. Rac1 a6 14. b4 Rfc8 15.
Ne5 Nxe5 16. dxe5 Nd7 17. Bf4 Nf8 18. bxc5 Bxc5 19. Qg4 Rd8 20. Be4 Ng6 21. Re1
Bxe4 22. Nxe4 f5 23. exf6 Qxf4 24. Qxe6+ Kh8 25. g3 Qc7 26. Nxc5 Qxc5 27. f7
Rf8 28. Re3 Ra7 29. Rf3 Re7 0-1

[Event "SK Turm Kleve 1 - SK Holsterhausen 1"]
[Site "NRW-Klasse - Gruppe 3 2021/20"]
[Date "2021.11.07"]
[Round "1.2"]
[White "Verfuerth, Kevin"]
[Black "Walbaum, Klaus"]
[Result "1/2-1/2"]
[WhiteElo "2034"]
[BlackElo "2119"]
[PlyCount "53"]
[EventDate "2021.??.??"]
[SourceVersionDate "2020.03.16"]
[WhiteTeam "SK Turm Kleve 1"]
[BlackTeam "SK Holsterhausen 1"]

1. c4 Nf6 2. Nc3 c5 3. g3 g6 4. Bg2 Bg7 5. Nf3 O-O 6. O-O Nc6 7. d4 cxd4 8.
Nxd4 Ng4 9. Nxc6 dxc6 10. Qc2 Qc7 11. h3 Nf6 12. Bf4 e5 13. Be3 Bf5 14. Qa4
Rfe8 15. Rad1 Nd7 16. c5 Nf6 17. g4 Be6 18. g5 Nd5 19. Nxd5 cxd5 20. Bxd5 Bxh3
21. Bg2 Bxg2 22. Kxg2 Re7 23. Rd6 e4 24. Rfd1 Bxb2 25. Qb5 Bc3 26. Rd7 Qc8 27.
Rxe7 1/2-1/2

[Event "SK Turm Kleve 1 - SK Holsterhausen 1"]
[Site "NRW-Klasse - Gruppe 3 2021/20"]
[Date "2021.11.07"]
[Round "1.3"]
[White "Schwalen, Peter"]
[Black "Wiegersma, Justus"]
[Result "1-0"]
[WhiteElo "2004"]
[BlackElo "2052"]
[PlyCount "91"]
[EventDate "2021.??.??"]
[SourceVersionDate "2020.03.16"]
[WhiteTeam "SK Holsterhausen 1"]
[BlackTeam "SK Turm Kleve 1"]

1. e4 c5 2. Nf3 d6 3. d4 cxd4 4. Nxd4 Nf6 5. Nc3 a6 6. h3 e5 7. Nde2 Be7 8. g4
h6 9. Ng3 b5 10. a3 O-O 11. Bg2 Re8 12. Nf5 Bf8 13. g5 hxg5 14. Bxg5 Bxf5 15.
exf5 e4 16. Nd5 Nbd7 17. Qd4 Re5 18. Nxf6+ Nxf6 19. O-O-O Rxf5 20. h4 a5 21.
Bxe4 Rxg5 22. hxg5 Nxe4 23. Qxe4 g6 24. Qd5 b4 25. Rd3 bxa3 26. Rxa3 Bg7 27. f4
a4 28. c3 Ra5 29. Qd1 Qd7 30. Rh2 d5 31. Rd2 Qc6 32. Kb1 Bf8 33. b4 Rb5 34.
Qxa4 Qc4 35. Qd1 Qxf4 36. Ra8 Qxg5 37. Rf2 Qe5 38. Qf3 Rb7 39. Re2 Qd6 40. Ree8
Rxb4+ 41. cxb4 Qxb4+ 42. Kc2 Qc5+ 43. Qc3 Qf2+ 44. Kb3 Qb6+ 45. Ka2 Qf2+ 46.
Qb2 1-0

[Event "SK Turm Kleve 1 - SK Holsterhausen 1"]
[Site "NRW-Klasse - Gruppe 3 2021/20"]
[Date "2021.11.07"]
[Round "1.4"]
[White "Krebbers, Wilfried"]
[Black "Kortenbusch, Christoph"]
[Result "0-1"]
[WhiteElo "1971"]
[BlackElo "2053"]
[PlyCount "108"]
[EventDate "2021.??.??"]
[SourceVersionDate "2020.03.16"]
[WhiteTeam "SK Turm Kleve 1"]
[BlackTeam "SK Holsterhausen 1"]

1. b4 c5 2. bxc5 e5 3. Bb2 Nc6 4. e3 Bxc5 5. Nf3 d6 6. d4 Qb6 7. Bc3 Bb4 8. d5
Nce7 9. Qd2 Bxc3 10. Nxc3 a6 11. Rb1 Qc7 12. Be2 Nf6 13. e4 O-O 14. O-O Nd7 15.
Rfd1 Nc5 16. Nxe5 dxe5 17. d6 Qd8 18. dxe7 Qxe7 19. Nd5 Qh4 20. f3 Ne6 21. g3
Qd8 22. c3 Qa5 23. Bc4 Qc5+ 24. Ne3 Ng5 25. Kf2 Be6 26. Bd5 Rad8 27. h4 Bxd5
28. hxg5 Bxe4 29. Qxd8 Bxb1 30. Qd2 Bg6 31. Kg2 e4 32. f4 f6 33. gxf6 Rxf6 34.
Ng4 Re6 35. Ne5 e3 36. Qd8+ Re8 37. Qd7 Be4+ 38. Kf1 Bc6 39. Qf7+ Kh8 40. Ke2
Qb5+ 41. Kxe3 Qc5+ 42. Ke2 Qxc3 43. Rd3 Qc2+ 44. Ke1 Bb5 45. g4 Qc1+ 46. Kf2
Qh1 47. Qb3 Qh2+ 48. Kf3 Rxe5 49. fxe5 Qh3+ 50. Ke4 Qxg4+ 51. Kd5 Qd7+ 52. Ke4
Qxd3+ 53. Qxd3 Bxd3+ 54. Kxd3 Kg8 0-1

[Event "SK Turm Kleve 1 - SK Holsterhausen 1"]
[Site "NRW-Klasse - Gruppe 3 2021/20"]
[Date "2021.11.07"]
[Round "1.5"]
[White "Bobzin, Pierre"]
[Black "Brandt, Thorsten"]
[Result "1-0"]
[WhiteElo "2078"]
[BlackElo "1974"]
[PlyCount "99"]
[EventDate "2021.??.??"]
[SourceVersionDate "2020.03.16"]
[WhiteTeam "SK Holsterhausen 1"]
[BlackTeam "SK Turm Kleve 1"]

1. Nf3 c5 2. g3 g6 3. Bg2 Bg7 4. O-O Nc6 5. d3 d6 6. Nbd2 e6 7. e4 Nge7 8. Re1
b6 9. Nc4 Bb7 10. a4 O-O 11. Bd2 h6 12. Qc1 Kh7 13. h4 Qc7 14. Ne3 f5 15. exf5
exf5 16. Nc4 a6 17. Bf4 Rf6 18. Nxd6 Rxd6 19. Re6 Rad8 20. Bxd6 Rxd6 21. Qf4
Rd7 22. Qxc7 Rxc7 23. Rae1 Bc8 24. Rd6 Rd7 25. Rxd7 Bxd7 26. c3 Kg8 27. d4 cxd4
28. Nxd4 Kf7 29. Nxc6 Nxc6 30. Bd5+ Kf8 31. Bxc6 Bxc6 32. Re6 Bxa4 33. Rxg6 Be8
34. Rxb6 a5 35. Ra6 a4 36. Kg2 h5 37. Kf3 Kf7 38. Kf4 Bd7 39. Kg5 Bf8 40. Kxh5
Bc5 41. f4 Bf2 42. Rg6 Bb5 43. Kh6 Be2 44. h5 Bg4 45. Ra6 Bd1 46. Kg5 Bg4 47.
h6 Bc5 48. Rf6+ Kg8 49. Kg6 Be7 50. Ra6 1-0

[Event "SK Turm Kleve 1 - SK Holsterhausen 1"]
[Site "NRW-Klasse - Gruppe 3 2021/20"]
[Date "2021.11.07"]
[Round "1.6"]
[White "van Kuijk, Vadim"]
[Black "Lindenmaier, Reinhard"]
[Result "1-0"]
[WhiteElo "1796"]
[BlackElo "1987"]
[PlyCount "113"]
[EventDate "2021.??.??"]
[SourceVersionDate "2020.03.16"]
[WhiteTeam "SK Turm Kleve 1"]
[BlackTeam "SK Holsterhausen 1"]

1. e4 Nf6 2. e5 Nd5 3. d4 d6 4. f4 Bf5 5. Bd2 e6 6. Nf3 Be7 7. Bb5+ Nd7 8. O-O
O-O 9. Ne1 dxe5 10. fxe5 c6 11. Bd3 Qb6 12. c3 Nxe5 13. Bxf5 exf5 14. Qe2 Ng6
15. Nd3 Bd6 16. Rxf5 Rae8 17. Qf2 Qc7 18. g3 Nf6 19. Rxf6 gxf6 20. Bh6 Re6 21.
Bxf8 Kxf8 22. Nd2 Qe7 23. Nc4 b5 24. Nxd6 Qxd6 25. Nc5 Re7 26. Rf1 Kg7 27. Qf3
a5 28. Ne4 Qe6 29. Nxf6 Qe3+ 30. Qxe3 Rxe3 31. Kf2 Re6 32. Ng4 f5 33. Ne3 f4
34. gxf4 Nxf4 35. Rg1+ Kf7 36. Kf3 Nd3 37. Rb1 a4 38. b3 axb3 39. axb3 b4 40.
c4 Rh6 41. Ng4 Re6 42. Rd1 Ne1+ 43. Kf2 Nc2 44. Rd2 Na3 45. Kg3 Ke7 46. Ne5 c5
47. Re2 cxd4 48. Nc6+ Kd6 49. Rxe6+ Kxe6 50. Nxd4+ Kd6 51. Kf4 Kc5 52. Ke5
Nxc4+ 53. bxc4 Kxc4 54. Nc6 b3 55. Na5+ Kc3 56. Nxb3 Kxb3 57. Kf6 1-0

[Event "SK Turm Kleve 1 - SK Holsterhausen 1"]
[Site "NRW-Klasse - Gruppe 3 2021/20"]
[Date "2021.11.07"]
[Round "1.7"]
[White "Sicars, Thorsten"]
[Black "Auwens, Michel"]
[Result "1-0"]
[WhiteElo "1970"]
[BlackElo "1840"]
[PlyCount "73"]
[EventDate "2021.??.??"]
[SourceVersionDate "2020.03.16"]
[WhiteTeam "SK Holsterhausen 1"]
[BlackTeam "SK Turm Kleve 1"]

1. c4 Nf6 2. Nc3 g6 3. e4 d6 4. d4 Nbd7 5. Nf3 e5 6. d5 Bg7 7. Be2 O-O 8. Bg5
h6 9. Bh4 a5 10. Nd2 Nc5 11. O-O Bd7 12. b3 Qc8 13. a3 g5 14. Bg3 Bg4 15. f3
Bd7 16. Bf2 c6 17. Qc2 cxd5 18. cxd5 Qc7 19. Rfc1 Rac8 20. Qb2 Qb8 21. b4 Na4
22. Nxa4 Bxa4 23. bxa5 Rxc1+ 24. Rxc1 Rc8 25. Nc4 g4 26. Rb1 gxf3 27. gxf3 b5
28. axb6 Nh5 29. Qb4 Nf4 30. Bf1 Bc2 31. Ra1 Bf8 32. Qd2 Ba4 33. Rb1 Qb7 34.
Na5 Qe7 35. Nc6 Qg5+ 36. Kh1 Qh5 37. Qe3 1-0

[Event "SK Turm Kleve 1 - SK Holsterhausen 1"]
[Site "NRW-Klasse - Gruppe 3 2021/20"]
[Date "2021.11.07"]
[Round "1.8"]
[White "Verfuerth, Thomas"]
[Black "Westendorp, Christian"]
[Result "1-0"]
[WhiteElo "2004"]
[BlackElo "1777"]
[PlyCount "81"]
[EventDate "2021.??.??"]
[SourceVersionDate "2020.03.16"]
[WhiteTeam "SK Turm Kleve 1"]
[BlackTeam "SK Holsterhausen 1"]

1. c4 Nf6 2. Nc3 g6 3. e4 d6 4. g3 Bg7 5. Bg2 e5 6. Nge2 O-O 7. O-O Be6 8. d3
Qd7 9. f4 Bh3 10. f5 Bxg2 11. Kxg2 c6 12. h3 h6 13. g4 g5 14. Ng3 d5 15. Qe2
Qd6 16. Bd2 Nbd7 17. Rac1 a6 18. a3 b5 19. cxd5 cxd5 20. Rh1 d4 21. Nd1 a5 22.
h4 Nh7 23. hxg5 Nxg5 24. Nf2 b4 25. axb4 axb4 26. Rc4 Rfb8 27. Rhc1 b3 28. Rc6
Qe7 29. Nh5 Qd8 30. Nxg7 Kxg7 31. Nh3 f6 32. Qd1 Ra2 33. Nxg5 hxg5 34. Rb1 Rb7
35. Qc1 Qb8 36. Bxg5 Kf7 37. Qc4+ Kg7 38. Qe6 Qd8 39. Bd2 Nb6 40. g5 Na4 41.
gxf6+ 1-0

[Event "Oberhausener SV 1 - SK Turm Kleve 1"]
[Site "NRW-Klasse - Gruppe 3 2021/20"]
[Date "2021.12.05"]
[Round "2.1"]
[White "Albers, Sasa"]
[Black "Becker, Marcel"]
[Result "0-1"]
[WhiteElo "2090"]
[BlackElo "2352"]
[PlyCount "72"]
[EventDate "2021.??.??"]
[SourceVersionDate "2020.03.16"]
[WhiteTeam "SK Turm Kleve 1"]
[BlackTeam "Oberhausener SV 1"]

1. e4 c6 2. Nf3 d5 3. Nc3 Bg4 4. h3 Bxf3 5. Qxf3 e6 6. d4 dxe4 7. Qxe4 Nf6 8.
Qd3 Bd6 9. Be2 Qc7 10. O-O Nbd7 11. Ne4 Bh2+ 12. Kh1 Bf4 13. c3 O-O 14. Re1
Rfe8 15. Nxf6+ Nxf6 16. Qf3 Bxc1 17. Raxc1 e5 18. dxe5 Qxe5 19. g3 Rad8 20. Kg2
Rd2 21. Bc4 Qxe1 22. Rxe1 Rxe1 23. Qf4 Rd7 24. Bb3 Re8 25. a4 h6 26. a5 a6 27.
Bc2 Re2 28. Bf5 Rdd2 29. b4 g6 30. Bd3 Rxd3 31. Qxf6 Rdd2 32. Qh4 Rxf2+ 33. Kg1
Rg2+ 34. Kf1 Rh2 35. Kg1 Rdg2+ 36. Kf1 Ra2 0-1

[Event "Oberhausener SV 1 - SK Turm Kleve 1"]
[Site "NRW-Klasse - Gruppe 3 2021/20"]
[Date "2021.12.05"]
[Round "2.2"]
[White "Nissen, Claus"]
[Black "Verfuerth, Kevin"]
[Result "1-0"]
[WhiteElo "2173"]
[BlackElo "2034"]
[PlyCount "75"]
[EventDate "2021.??.??"]
[SourceVersionDate "2020.03.16"]
[WhiteTeam "Oberhausener SV 1"]
[BlackTeam "SK Turm Kleve 1"]

1. Nf3 c5 2. c4 Nf6 3. d4 cxd4 4. Nxd4 d5 5. cxd5 Nxd5 6. e4 Nc7 7. Nc3 e5 8.
Ndb5 Qxd1+ 9. Kxd1 Nxb5 10. Nxb5 Na6 11. Be3 b6 12. Bc4 Be7 13. Bd5 Rb8 14.
Nxa7 Nb4 15. Nc6 Nxd5 16. exd5 Rb7 17. Nxe5 O-O 18. Ke2 Bf6 19. Nc4 Rc7 20.
Rac1 Ba6 21. b3 b5 22. Nd6 b4+ 23. Kf3 Bc3 24. Rhd1 f5 25. Bf4 Re7 26. Nc4 Re4
27. Ne3 h6 28. h4 Bb5 29. h5 Be8 30. Nxf5 Rxf4+ 31. Kxf4 Bxh5 32. g4 Be8 33.
Kg3 Bd7 34. d6 g6 35. Ne7+ Kg7 36. f4 Ra8 37. Rc2 Kf7 38. Nd5 1-0

[Event "Oberhausener SV 1 - SK Turm Kleve 1"]
[Site "NRW-Klasse - Gruppe 3 2021/20"]
[Date "2021.12.05"]
[Round "2.3"]
[White "Wiegersma, Justus"]
[Black "Mancic, Ivan"]
[Result "1/2-1/2"]
[WhiteElo "2052"]
[BlackElo "2142"]
[PlyCount "95"]
[EventDate "2021.??.??"]
[SourceVersionDate "2020.03.16"]
[WhiteTeam "SK Turm Kleve 1"]
[BlackTeam "Oberhausener SV 1"]

1. d4 Nf6 2. c4 g6 3. Nf3 Bg7 4. g3 c6 5. Bg2 d5 6. cxd5 cxd5 7. O-O O-O 8. Nc3
Ne4 9. Nxe4 dxe4 10. Ne5 Nd7 11. Bxe4 Nxe5 12. dxe5 Bh3 13. Re1 Qa5 14. Bf4
Bxe5 15. Qd5 Qxd5 16. Bxd5 Bxf4 17. gxf4 Rfd8 18. Rad1 Rac8 19. Bb3 Kg7 20. f3
Kf6 21. Kf2 Be6 22. Rxd8 Rxd8 23. Bxe6 Kxe6 24. Ke3 Rc8 25. Kd3 Rc5 26. e3 Rh5
27. Rh1 Rh3 28. Ke2 b5 29. Kf2 a5 30. Ke2 b4 31. Kf2 a4 32. Ke2 f6 33. Kf2 Rh5
34. Ke2 Kd5 35. Kd3 Rh3 36. e4+ Kc5 37. Ke3 Kb5 38. Ke2 b3 39. axb3 axb3 40.
Ke3 Kb4 41. Ke2 Rh5 42. Kd2 Ra5 43. Rc1 Ra2 44. Rb1 f5 45. e5 Kc4 46. Ke3 Kb4
47. Kd2 Kc4 48. Ke3 1/2-1/2

[Event "Oberhausener SV 1 - SK Turm Kleve 1"]
[Site "NRW-Klasse - Gruppe 3 2021/20"]
[Date "2021.12.05"]
[Round "2.4"]
[White "Ciornei, Dragos"]
[Black "Brandt, Thorsten"]
[Result "1/2-1/2"]
[WhiteElo "2124"]
[BlackElo "1974"]
[PlyCount "69"]
[EventDate "2021.??.??"]
[SourceVersionDate "2020.03.16"]
[WhiteTeam "Oberhausener SV 1"]
[BlackTeam "SK Turm Kleve 1"]

1. e4 e6 2. d4 d5 3. Nd2 c5 4. Ngf3 cxd4 5. exd5 exd5 6. Bb5+ Nc6 7. Nxd4 Qe7+
8. Qe2 Qxe2+ 9. Kxe2 Bd7 10. N2f3 Nxd4+ 11. Nxd4 Bc5 12. Be3 Rc8 13. c3 Nf6 14.
f3 a6 15. Bxd7+ Kxd7 16. Rad1 b5 17. Nf5 Rhe8 18. Kd3 Bf8 19. Bd4 Nh5 20. g3
Re6 21. Ne3 Kc6 22. a4 Rb8 23. axb5+ Rxb5 24. b4 Nf6 25. Ra1 Kb7 26. Ra5 Rxa5
27. bxa5 Kc6 28. Rb1 Nd7 29. Nc2 g6 30. f4 Bc5 31. Rb2 Re8 32. Rb1 Re6 33. Rb2
Re8 34. Rb1 Re6 35. Rb2 1/2-1/2

[Event "Oberhausener SV 1 - SK Turm Kleve 1"]
[Site "NRW-Klasse - Gruppe 3 2021/20"]
[Date "2021.12.05"]
[Round "2.5"]
[White "van Kuijk, Vadim"]
[Black "Voge, Andreas"]
[Result "0-1"]
[WhiteElo "1796"]
[BlackElo "2012"]
[PlyCount "102"]
[EventDate "2021.??.??"]
[SourceVersionDate "2020.03.16"]
[WhiteTeam "SK Turm Kleve 1"]
[BlackTeam "Oberhausener SV 1"]

1. e4 c5 2. Nf3 d6 3. d4 cxd4 4. Nxd4 Nf6 5. Nc3 a6 6. f3 e6 7. g4 e5 8. Nb3
Be6 9. Be3 d5 10. g5 d4 11. gxf6 Qxf6 12. Nxd4 exd4 13. Bxd4 Qf4 14. Qe2 Be7
15. Rd1 Nc6 16. Be3 Bh4+ 17. Kd2 O-O-O+ 18. Nd5 Qe5 19. Kc1 Bxd5 20. exd5 Bg5
21. Bh3+ Kc7 22. f4 Bxf4 23. Bxf4 Qxf4+ 24. Kb1 Rhe8 25. Qg2 Ne5 26. d6+ Kb8
27. Rhf1 Qb4 28. d7 Re7 29. c3 Qb6 30. Qxg7 Qg6+ 31. Qxg6 hxg6 32. Rf6 Kc7 33.
Re1 Rh8 34. Re3 Kd8 35. Rb6 Nxd7 36. Rxe7 Kxe7 37. Bxd7 Kxd7 38. Rxb7+ Ke6 39.
Kc2 Rxh2+ 40. Kd3 g5 41. Rb6+ Ke5 42. Rxa6 Rxb2 43. Ke3 Rb5 44. Ra8 Rc5 45. Kd3
g4 46. a4 g3 47. Re8+ Kf4 48. Re1 g2 49. Ra1 Kf3 50. Kd4 Ra5 51. c4 Kf2 0-1

[Event "Oberhausener SV 1 - SK Turm Kleve 1"]
[Site "NRW-Klasse - Gruppe 3 2021/20"]
[Date "2021.12.05"]
[Round "2.6"]
[White "Groß, Thomas"]
[Black "Hoenselaar, Dennis"]
[Result "1/2-1/2"]
[WhiteElo "1956"]
[BlackElo "1726"]
[PlyCount "101"]
[EventDate "2021.??.??"]
[SourceVersionDate "2020.03.16"]
[WhiteTeam "Oberhausener SV 1"]
[BlackTeam "SK Turm Kleve 1"]

1. Nf3 Nf6 2. g3 g6 3. b3 Bg7 4. Bb2 O-O 5. Bg2 d6 6. d4 c5 7. c4 Nbd7 8. O-O
Rb8 9. Nc3 a6 10. e3 b5 11. Qe2 Re8 12. Rfd1 b4 13. Nd5 Ne4 14. Qc2 e6 15. Qxe4
exd5 16. Qc2 dxc4 17. bxc4 Qb6 18. dxc5 dxc5 19. Bxg7 Kxg7 20. Qb2+ Qf6 21.
Qxf6+ Nxf6 22. Nd2 Be6 23. Nb3 Rec8 24. Na5 Rb6 25. Rd2 Kf8 26. Rad1 Ke7 27.
Bb7 Rc7 28. Bf3 Ng4 29. Rd8 Ne5 30. Be2 Nc6 31. Nxc6+ Rbxc6 32. e4 Rd7 33.
R8xd7+ Bxd7 34. e5 a5 35. f4 h5 36. Rd2 a4 37. Bf3 Rc7 38. Bd5 Bf5 39. Kf2 b3
40. axb3 axb3 41. Ke3 Ra7 42. Be4 Bxe4 43. Kxe4 Ra2 44. Rd1 Rxh2 45. Rb1 b2 46.
Kd5 Rg2 47. Kxc5 Rxg3 48. Rxb2 Rf3 49. Kd5 Rxf4 50. c5 Rf1 51. Rb7+ 1/2-1/2

[Event "Oberhausener SV 1 - SK Turm Kleve 1"]
[Site "NRW-Klasse - Gruppe 3 2021/20"]
[Date "2021.12.05"]
[Round "2.7"]
[White "Verfuerth, Thomas"]
[Black "Krueger, André"]
[Result "1-0"]
[WhiteElo "2004"]
[BlackElo "1944"]
[PlyCount "87"]
[EventDate "2021.??.??"]
[SourceVersionDate "2020.03.16"]
[WhiteTeam "SK Turm Kleve 1"]
[BlackTeam "Oberhausener SV 1"]

1. c4 e6 2. e4 c5 3. Nc3 Nc6 4. Nf3 e5 5. g3 Nf6 6. Bg2 d6 7. h3 Be7 8. O-O O-O
9. d3 Ne8 10. Ne1 Nc7 11. f4 Ne6 12. f5 Ned4 13. Nd5 Bg5 14. Kh2 Bxc1 15. Rxc1
Ne7 16. f6 Nxd5 17. fxg7 Ne3 18. gxf8=Q+ Qxf8 19. Qh5 Nxf1+ 20. Bxf1 f5 21. Bg2
Be6 22. Nc2 Qe8 23. Qxe8+ Rxe8 24. Nxd4 cxd4 25. h4 b6 26. Rf1 Rf8 27. Bh3 Re8
28. Bxf5 Bxf5 29. Rxf5 Kg7 30. g4 h6 31. Kg3 a6 32. Rf1 Kg6 33. h5+ Kg7 34. Kh4
Rc8 35. g5 hxg5+ 36. Kxg5 Rh8 37. b4 Rg8 38. Rf6 Kh7+ 39. Rg6 Rf8 40. Rxd6 Rf3
41. Rd7+ Kg8 42. c5 bxc5 43. bxc5 Rxd3 44. c6 1-0

[Event "Oberhausener SV 1 - SK Turm Kleve 1"]
[Site "NRW-Klasse - Gruppe 3 2021/20"]
[Date "2021.12.05"]
[Round "2.8"]
[White "Faber, Lennart"]
[Black "Schuricht, Emil Frederick"]
[Result "1/2-1/2"]
[WhiteElo "1687"]
[BlackElo "1694"]
[PlyCount "126"]
[EventDate "2021.??.??"]
[SourceVersionDate "2020.03.16"]
[WhiteTeam "Oberhausener SV 1"]
[BlackTeam "SK Turm Kleve 1"]

1. Nf3 Nf6 2. c4 g6 3. d4 Bg7 4. Nc3 d6 5. e4 O-O 6. Be2 e5 7. dxe5 dxe5 8.
Qxd8 Rxd8 9. Bg5 Nbd7 10. O-O-O Rf8 11. Nd5 Nxd5 12. exd5 f6 13. Be3 b6 14. h4
f5 15. h5 Nc5 16. Bxc5 bxc5 17. d6 cxd6 18. Rxd6 e4 19. hxg6 hxg6 20. Nh4 g5
21. Ng6 Re8 22. Rc6 Re6 23. Rxe6 Bxe6 24. Rd1 Bd4 25. f4 Kg7 26. Ne7 Kf6 27.
Nd5+ Bxd5 28. fxg5+ Ke5 29. cxd5 Be3+ 30. Kc2 Bxg5 31. Kc3 Be3 32. d6 Bd4+ 33.
Kc4 Rb8 34. a3 Rxb2 35. d7 Rb8 36. Bh5 Kf4 37. Kd5 Bf6 38. Rf1+ Kg5 39. Be2 Rb2
40. Ke6 f4 41. Bc4 Rxg2 42. Bd5 Bd8 43. Bxe4 Rg3 44. Rc1 Rxa3 45. Rxc5+ Kg4 46.
Rc8 Bb6 47. Rg8+ Kh4 48. Kf5 f3 49. Rg6 f2 50. Bg2 Rd3 51. Rg4+ Kh5 52. Rg7 Kh6
53. Re7 Bd8 54. Re2 Rf3+ 55. Kg4 f1=Q 56. Bxf1 Rxf1 57. Re8 Bb6 58. Re6+ Kg7
59. Rxb6 Rd1 60. Rb7 Kf6 61. Rxa7 Ke7 62. Kf5 Rxd7 63. Rxd7+ Kxd7 1/2-1/2

[Event "Krefelder SK Turm 2 - SV Turm Kamp-Lint"]
[Site "NRW-Klasse - Gruppe 3 2021/20"]
[Date "2021.12.05"]
[Round "2.1"]
[White "Ratering, Jona"]
[Black "Markgraf, Jonas"]
[Result "1-0"]
[WhiteElo "2118"]
[BlackElo "2017"]
[PlyCount "81"]
[EventDate "2021.??.??"]
[SourceVersionDate "2020.03.16"]
[WhiteTeam "SV Turm Kamp-Lintfort 1"]
[BlackTeam "Krefelder SK Turm 2"]

1. Nf3 Nf6 2. c4 g6 3. Nc3 Bg7 4. e4 d6 5. d4 O-O 6. Be2 e5 7. d5 a5 8. Bg5 h6
9. Be3 Na6 10. Nd2 Bd7 11. g4 Ne8 12. h4 Nc5 13. Qc2 a4 14. f3 b6 15. h5 g5 16.
Kf2 f6 17. b4 axb3 18. axb3 Rxa1 19. Rxa1 c6 20. b4 Nb7 21. dxc6 Bxc6 22. Qa2
Kh7 23. Qa6 Qc8 24. Qxb6 f5 25. gxf5 Nf6 26. b5 Be8 27. Ra7 Rf7 28. c5 dxc5 29.
Bc4 Nd8 30. Bxf7 Bxf7 31. Rc7 Qa8 32. Ra7 Qc8 33. Qc7 Qxc7 34. Rxc7 g4 35. b6
gxf3 36. b7 Nxb7 37. Rxf7 Nd6 38. Rxf6 Bxf6 39. Bxc5 Nb7 40. Bb4 Bg5 41. Nxf3
1-0

[Event "Krefelder SK Turm 2 - SV Turm Kamp-Lint"]
[Site "NRW-Klasse - Gruppe 3 2021/20"]
[Date "2021.12.05"]
[Round "2.2"]
[White "Reuter, Julian-Frank"]
[Black "Schneider, Christoph"]
[Result "0-1"]
[WhiteElo "1897"]
[BlackElo "2158"]
[PlyCount "78"]
[EventDate "2021.??.??"]
[SourceVersionDate "2020.03.16"]
[WhiteTeam "Krefelder SK Turm 2"]
[BlackTeam "SV Turm Kamp-Lintfort 1"]

1. d4 Nf6 2. Nf3 g6 3. g3 Bg7 4. Bg2 O-O 5. O-O d6 6. b3 Nbd7 7. Bb2 Re8 8. Re1
e5 9. dxe5 Ng4 10. c4 Ndxe5 11. Nxe5 Nxe5 12. Qd2 h5 13. Nc3 h4 14. Rad1 h3 15.
Bh1 Nc6 16. Nd5 Be6 17. Bxg7 Kxg7 18. Qc3+ f6 19. Nf4 Qe7 20. Bxc6 bxc6 21.
Nxe6+ Qxe6 22. Qf3 Qd7 23. Rd4 Re5 24. Rf4 Rf8 25. g4 Qe7 26. e3 Rh8 27. Qxc6
Rh4 28. Qf3 g5 29. Rd4 f5 30. Red1 f4 31. c5 fxe3 32. cxd6 cxd6 33. fxe3 Rxe3
34. Qf1 Re2 35. Qf3 Re3 36. Qf2 Qe5 37. Kf1 Rh6 38. Kg1 Rf6 39. Qd2 Re2 0-1

[Event "Krefelder SK Turm 2 - SV Turm Kamp-Lint"]
[Site "NRW-Klasse - Gruppe 3 2021/20"]
[Date "2021.12.05"]
[Round "2.3"]
[White "Hagen, Gunter"]
[Black "Komans, Dieter"]
[Result "0-1"]
[WhiteElo "2122"]
[BlackElo "1972"]
[PlyCount "58"]
[EventDate "2021.??.??"]
[SourceVersionDate "2020.03.16"]
[WhiteTeam "SV Turm Kamp-Lintfort 1"]
[BlackTeam "Krefelder SK Turm 2"]

1. d4 Nf6 2. c4 g6 3. Nc3 Bg7 4. e4 d6 5. Nf3 O-O 6. h3 e5 7. d5 c6 8. Be2 cxd5
9. cxd5 Nbd7 10. Be3 Nc5 11. Nd2 Ne8 12. Nc4 b5 13. Nxd6 Nxd6 14. Bxc5 f5 15.
O-O b4 16. Bxb4 Rb8 17. Qa4 f4 18. Bxd6 Qxd6 19. Qc6 Qd8 20. Bf3 Rb6 21. Qa4
Qg5 22. Kh2 Qh4 23. Rab1 g5 24. Qd1 Rh6 25. Kg1 Bxh3 26. gxh3 Qxh3 27. Re1 g4
28. Bg2 Qh2+ 29. Kf1 f3 0-1

[Event "Krefelder SK Turm 2 - SV Turm Kamp-Lint"]
[Site "NRW-Klasse - Gruppe 3 2021/20"]
[Date "2021.12.05"]
[Round "2.4"]
[White "Panjer, Sydney"]
[Black "Westermann, Johannes"]
[Result "1-0"]
[WhiteElo "1762"]
[BlackElo "2004"]
[PlyCount "93"]
[EventDate "2021.??.??"]
[SourceVersionDate "2020.03.16"]
[WhiteTeam "Krefelder SK Turm 2"]
[BlackTeam "SV Turm Kamp-Lintfort 1"]

1. Nf3 d5 2. d4 Nf6 3. c4 e6 4. g3 Be7 5. Bg2 O-O 6. O-O dxc4 7. Qa4 a6 8. Qxc4
b5 9. Qc2 Bb7 10. Bg5 Nc6 11. Rd1 Rc8 12. a3 h6 13. Bxf6 Bxf6 14. e3 Nb8 15.
Ng5 hxg5 16. Bxb7 Qe7 17. Bxc8 Rxc8 18. Nd2 c5 19. Ne4 c4 20. d5 exd5 21. Nxf6+
gxf6 22. Rxd5 Nc6 23. Rad1 Ne5 24. Qf5 Re8 25. R1d4 Qe6 26. Qxe6 fxe6 27. Rd8
Rxd8 28. Rxd8+ Kf7 29. Rd6 Nd3 30. Rxa6 Nxb2 31. Rb6 c3 32. Rxb5 Nc4 33. Rc5
Nxa3 34. Rxc3 Nb5 35. Rc5 Nd6 36. Rc7+ Kf8 37. Kg2 Nf7 38. h4 gxh4 39. gxh4 Nh6
40. Kf3 Kg8 41. Re7 e5 42. Ke4 Kh8 43. h5 Kg8 44. Ra7 Kh8 45. Kd5 Ng4 46. Ke6
e4 47. Kf5 1-0